00361nam a2200133Ia 4500008004100000020001500041041000800056082001700064100002400081245005300105250000600158260004700164300001600211210716s2005 xx 000 0 und d a817764789X aeng a658.321 KOLM aKolay, Mohit Kumar. aAccounting applied to human resource management. a1 aNew DelhibAllied Publishers Pvt Ltdc2005 axxxviii,260